000 00564nam a2200217 a 4500
001 BRCA_4004
005 20190320204517.0
008 160110s1963----nyu#######---#000-0#eng-#
041 _aeng
044 _anyu
050 4 _aPZ3
_b.E78 1963
100 1 _aErskine, Margaret.
_910409
245 1 0 _aNo.9 Belmont Square
_cMargaret Erskine.
260 _aGarden City, Nueva York
_bDoubleday
_c1963
300 _a208 p.
_c21 cm.
440 0 _aA crime club selection
_9876
500 _aCEF14
650 1 4 _aNovelas policĂ­acas
_9877
902 _aGFM
942 _2lcc
_cB
999 _c3730
_d3730